Statistiques concernant Culture Générale - Série 566

Cliquez ici pour prendre le quiz!

Statistiques générales

  • Ce quiz a été pris 101 fois
  • Le résultat moyen est 7 sur 10

Statistiques - réponses

QuestionRéponse% Correct
En économie, que signifie la lettre P du sigle PIB ?Produit
94%
De quel continent sont originaires les oiseaux que l'on appelle "inséparables" ?Afrique
92%
De quoi James Dean a-t-il "la fureur" selon le titre d'un film de 1956 ?de vivre
89%
Dans "Blanche-Neige et les Sept Nains", dessin animé de 1937, quel nain n'arrête pas de bâiller ?Dormeur
89%
Quelle est l'année de la disparition de Claude François ?1978
80%
En 1993, dans quel dessin animé rencontre-t-on le génie de la lampe ?Aladdin
68%
En géométrie, dans quel type de triangle y a-t-il forcément un côté appelé "hypoténuse" ?Triangle rectangle
67%
En géométrie, comment appelle-t-on le périmètre d'un cercle ?circonférence
63%
En 2008, de quel héros de bande dessinée "Le Sens de la vie" est-il le 12e album ?Titeuf
41%
En boxe anglaise professionnelle, quelle catégorie reconnue par la fédération française correspond au poids le plus léger ?Poids mouche
36%

Distribution des résultats

Percentile par nombre de réponses

% des personnes avec chaque résultat

Votre développement - résultats

Vous n’avez pas pris ce quiz